书目信息 |
| 题名: |
区域发展及其空间结构
|
|
| 作者: | 陆大道 著 | |
| 分册: | ||
| 出版信息: | 北京 科学出版社 1995.4 |
|
| 页数: | 206页 | |
| 开本: | 16开 | |
| 丛书名: | ||
| 单 册: | ||
| 中图分类: | F061.5 | |
| 科图分类: | ||
| 主题词: | 经济学--分支科学 | |
| 电子资源: | ||
| ISBN: | 7-03-004576-9 | |
| 000 | 00531nam0 2200181 45 | |
| 001 | 0103051664 | |
| 005 | 20221010160520.89 | |
| 010 | @a7-03-004576-9@b精装@dCNY27.00 | |
| 100 | @a20010305d1995 km y0chiy0120 ea | |
| 101 | 0 | @achi |
| 200 | 1 | @a区域发展及其空间结构@AQu Yu Fa Zhan Ji Qi Kong Jian Jie Gou@f陆大道著@FLu Da Dao Zhu |
| 210 | @a北京@c科学出版社@d1995.4 | |
| 215 | @a206页@d16开 | |
| 606 | 0 | @a经济学@x分支科学 |
| 690 | @aF061.5@v1 | |
| 701 | 0 | @a陆大道@4著 |
| 801 | @aCN@bTSTC@c20010305 | |
| 905 | @b295311-313@dF061.5@e11@f3 | |
| 区域发展及其空间结构/陆大道著.-北京:科学出版社,1995.4 |
| 206页;16开 |
| ISBN 7-03-004576-9(精装):CNY27.00 |
| ● |
| 相关链接 |
|
|
|
|
正题名:区域发展及其空间结构
索取号:F061.5/11
 
预约/预借
| 序号 | 登录号 | 条形码 | 馆藏地/架位号 | 状态 | 备注 |
| 1 | 0295311 | 002953110 | 密集书库/ [索取号:F061.5/11] | 在馆 | |
| 2 | 0295312 | 002953129 | 第一借阅区/ [索取号:F061.5/11] | 在馆 | |
| 3 | 0295313 | 002953138 | 第一借阅区/ [索取号:F061.5/11] | 在馆 | |
| 4 | 0296849 | 002968499 | 第一借阅区/ [索取号:F061.5/11] | 在馆 | |
| 5 | 0296850 | 002968505 | 密集书库/ [索取号:F061.5/11] | 在馆 | |
| 6 | 0296851 | 002968514 | 第一样本阅览室/ [索取号:F061.5/11] | 在馆 |